Analýza plnenia cieľov stratégie Európa 2020 pomocou rozšíreného Kaldorovho štvoruholníka bakalárska práca

Enregistré dans:
Détails bibliographiques
Auteur principal: Pilátová, Dominika
Collectivité auteur: Národohospodárska fakulta EU. Katedra hospodárskej politiky
Autres auteurs: Petríková, Kristína
Format: Livre
Langue:slovaque
Publié: Bratislava 2016
Tags: Ajouter un tag
Pas de tags, Soyez le premier à ajouter un tag!

MARC

LEADER 00000nbm a2200000 4500
001 0219935
005 20161125143109.8
041 0 |a slo 
044 |a SK 
245 1 0 |a Analýza plnenia cieľov stratégie Európa 2020 pomocou rozšíreného Kaldorovho štvoruholníka  |b bakalárska práca  |c Dominika Pilátová ; školiteľ: Kristína Petríková 
264 1 |a Bratislava  |c 2016 
300 |a 59 s. 
100 1 |a Pilátová, Dominika 
700 1 |a Petríková, Kristína 
710 2 |a Národohospodárska fakulta EU. Katedra hospodárskej politiky